|
|
|
|
| LEADER |
01217nam a22003017a 4500 |
| 001 |
37708 |
| 003 |
BD-DhAAL |
| 005 |
20220213160505.0 |
| 008 |
220213t1977 nyua b 001 0 eng d |
| 999 |
|
|
|c 43494
|d 43494
|
| 010 |
|
|
|a 76055335
|
| 020 |
|
|
|a 003015636X
|
| 040 |
|
|
|a DLC
|c DLC
|d DLC
|d BD-DhAAL
|
| 050 |
0 |
0 |
|a BF723.C5
|b S56
|
| 082 |
0 |
0 |
|a 155.413
|
| 100 |
1 |
|
|a Sigel, Irving E.
|9 45715
|
| 245 |
1 |
0 |
|a Cognitive development from childhood to adolescence :
|b a constructivist perspective /
|c Irving E. Sigel, Rodney R. Cocking.
|
| 260 |
|
|
|a New York :
|b Holt, Rinehart and Winston,
|c c1977.
|
| 300 |
|
|
|a xi, 256 pages :
|b illustrations ;
|c 21 cm.
|
| 490 |
0 |
|
|a Principles of educational psychology series
|
| 504 |
|
|
|a Includes bibliographical references (pages [235]-246) and index.
|
| 526 |
|
|
|a BIED
|
| 541 |
|
|
|a Complimentary copy from BIED
|e 37708
|
| 650 |
|
0 |
|a Cognition in children.
|9 45716
|
| 700 |
1 |
|
|a Cocking, Rodney R.,
|e joint author.
|9 45717
|
| 852 |
|
|
|a Ayesha Abed Library
|c General Stacks
|
| 942 |
|
|
|2 ddc
|c BK
|
| 952 |
|
|
|0 0
|1 0
|2 ddc
|4 0
|6 155_413000000000000_SIG
|7 0
|9 69773
|a BRACUL
|b BRACUL
|c GEN
|d 2022-02-13
|e Complimentary copy from BIED
|l 0
|o 155.413 SIG
|p 3010037708
|r 2022-02-13
|t 1
|w 2022-02-13
|y BK
|x BIED-3191
|